[Event "London Classic op U2050-B 11th"]
[Site "London"]
[Date "2019.12.04"]
[Round "3"]
[White "Smith, Lynda"]
[Black "Medworth, Andrew"]
[Result "1/2-1/2"]
[WhiteElo "1756"]
[BlackElo "1593"]
[PlyCount "110"]
[EventDate "2019.12.02"]
[EventType "swiss"]
[EventRounds "5"]
[EventCountry "ENG"]
[SourceTitle "CBM 195 Extra"]
[Source "ChessBase"]
[SourceDate "2020.05.31"]
[SourceVersion "1"]
[SourceVersionDate "2020.05.31"]
[SourceQuality "1"]

1. e4 c5 2. Nc3 Nc6 3. g3 g6 4. Bg2 Bg7 5. d3 d6 6. Be3 e5 7. Qd2 Nd4 8. Nd1 Ne7 9. c3 Ne6 10. h4 h5 11. Nh3 d5 12. Qc1 d4 13. cxd4 cxd4 14. Bd2 Qc7 15. Ng5 Qxc1 16. Rxc1 Nxg5 17. hxg5 Nc6 18. Bh3 Bxh3 19. Rxh3 Kd7 20. f4 Ke6 21. Nf2 f6 22. gxf6 Bxf6 23. Ke2 Rac8 24. Rch1 Ne7 25. g4 hxg4 26. Rxh8 Rxh8 27. Rxh8 Bxh8 28. Nxg4 Nc6 29. Kf3 exf4 30. Kxf4 Bf6 31. a3 Be7 32. Kf3 Ne5+ 33. Nxe5 Kxe5 34. Kg4 a6 35. Bg5 Bf8 36. Bf4+ Kf6 37. Bc7 Bh6 38. Bf4 Bg7 39. b3 Bf8 40. a4 Bg7 41. Bc1 Kf7 42. Bb2 Bf6 43. Kf4 Ke6 44. Ba3 Be5+ 45. Kg5 Kf7 46. Bc5 Bf6+ 47. Kf4 Ke6 48. Ba7 Be5+ 49. Kg4 Kf6 50. Bb6 Kf7 51. Bd8 Ke8 52. Bg5 Kf7 53. Bf4 Bg7 54. Bg5 Be5 55. Bf4 Bg7 1/2-1/2

[Event "London CSC 5-Day U2050 op 10th"]
[Site "London"]
[Date "2018.12.13"]
[Round "5"]
[White "Fowler, Caspian"]
[Black "Medworth, Andrew"]
[Result "0-1"]
[WhiteElo "1567"]
[BlackElo "1593"]
[PlyCount "38"]
[EventDate "2018.12.09"]
[EventType "swiss"]
[EventRounds "5"]
[EventCountry "ENG"]
[SourceTitle "EXT 2020"]
[Source "ChessBase"]
[SourceDate "2019.10.17"]
[SourceVersion "1"]
[SourceVersionDate "2019.10.17"]
[SourceQuality "1"]

1. e4 e5 2. Nf3 Nc6 3. Bb5 a6 4. Bxc6 dxc6 5. 0-0 Bg4 6. h3 h5 7. d3 Qf6 8. Nbd2 g5 9. c3 0-0-0 10. Qe2 Bc5 11. b4 Ba7 12. a4 Bxh3 13. gxh3 g4 14. hxg4 hxg4 15. Nh2 Nh6 16. Nc4 Rdg8 17. Be3 Qh4 18. Rfc1 Nf5 19. f3 gxf3+ 0-1